| 000 | nam a22 7a 4500 | ||
|---|---|---|---|
| 999 |
_c19013 _d19013 |
||
| 008 | 170114b xxu||||| |||| 00| 0 eng d | ||
| 020 | _a00217837947 | ||
| 050 |
_aND1049 _b.K83A5 1955 |
||
| 100 | _aKwok, David | ||
| 245 |
_aModern Chinese Paintings/ _cDavid Kwok |
||
| 260 |
_aChicago : _bTHe Institute of Chicago , _cc1955 |
||
| 300 |
_a36p. : _bill. ; |
||
| 942 |
_2lcc _cBOOKS _hND1049 .K83A5 1955 |
||